| 000 | 00672nam a22001577a 4500 | ||
|---|---|---|---|
| 003 | OSt | ||
| 005 | 20150923093710.0 | ||
| 008 | 150923b xxu||||| |||| 00| 0 eng d | ||
| 040 | _cRUA | ||
| 082 | _aAGR LEN 2007 B048 Or.1 | ||
| 100 |
_91149 _aLENG, VIRA. |
||
| 245 | _aComparison on rice cultivation techniques on farmers`fields in tramkak district, takeo province ប្រៀបធៀបបច្ចេកទេសផលិតកម្មដំណាំស្រូវលើស្រែកសិករនៅស្រុកត្រំាកក់ខេត្តតាកែវ | ||
| 260 |
_aPhnom Penh _bRUA _c2007 |
||
| 300 |
_axiv, 55p. _bill. _c29cm. |
||
| 942 |
_2ddc _cAGR |
||
| 999 |
_c1100 _d1100 |
||